|
|
|
|
| LEADER |
00723cam a2200241 7i4500 |
| 001 |
0000036326 |
| 005 |
20200227090000.0 |
| 007 |
##ta |
| 008 |
200227s2015 my eng |
| 020 |
# |
# |
|a 9781464803512
|
| 040 |
# |
# |
|a MATR
|
| 090 |
0 |
0 |
|a I 338.7
|b DOI
|
| 245 |
0 |
0 |
|a Doing Business 2015 :
|b Going Beyond Efficiency.
|
| 264 |
# |
4 |
|a ♭2015.
|
| 264 |
# |
1 |
|a Washington, D.C:
|b The World Bank Group,
|c 2015.
|
| 300 |
# |
# |
|a x, 318 pages:
|b illustrations;
|c 27 cm.
|
| 336 |
# |
# |
|a text
|2 rdacontent
|
| 337 |
# |
# |
|a unmediated
|2 rdamedia
|
| 338 |
# |
# |
|a volume
|2 rdacarrier
|
| 504 |
# |
# |
|a Includes bibliographical references and index
|
| 650 |
1 |
0 |
|a Business
|
| 650 |
2 |
0 |
|a Doing Business
|
| 999 |
|
|
|a B000036175
|b Book
|c International
|e Business Information Centre
|